Theory of numbers
Sparad:
| Huvudupphovsman: | |
|---|---|
| Materialtyp: | Bok |
| Språk: | engelska |
| Publicerad: |
Nueva York
Macmillan
1952
|
| Ämnen: | |
| Taggar: |
Lägg till en tagg
Inga taggar, Lägg till första taggen!
|
MARC
| LEADER | 00000nam a2200000 a 4500 | ||
|---|---|---|---|
| 001 | UCW0996 | ||
| 003 | CL-VaPUC | ||
| 008 | 900816e19520000US |||||||||||||||||eng|d | ||
| 082 | 0 | 4 | |a 512.7 |b STE |2 21 |
| 100 | 0 | |a Stewart, Bonnie Madison |e author |9 304910 | |
| 245 | 1 | 0 | |a Theory of numbers |
| 300 | |a 261 p | ||
| 942 | |c BK | ||
| 945 | |d 19900816 00:00:00 | ||
| 260 | |a Nueva York |b Macmillan |c 1952 | ||
| 650 | 0 | |a Teoría de números |9 265327 | |
| 583 | |a last modification |c 19900816 00:00:00 |k Rodrigo Vera | ||
| 999 | |c 215987 |d 215985 | ||
| 952 | |0 0 |1 0 |2 ddc |4 0 |6 512_700000000000000_STE_1952 |7 0 |8 A |9 201316 |a BIBMAT |b BIBMAT |d 2019-11-14 |i 2684845 |o 512.7 STE 1952 |p 2684845 |r 2025-01-07 |w 2019-11-14 |y BK |k MAT | ||